000 00575nam a2200193 i 4500
001 32794
003 ES-MaACL
005 20230906154633.0
007 t|
008 030131s1907 sp ||||1| cat d
100 1 _aBertrana, Prudencio.
_928514
245 1 0 _aNaufrecs relat contemporani /
_cPrudencia Bertrana.
260 _aBarcelona :
_b[s.n.,
_c1907] (
_fImp. Domenech)
300 _a294 p. ;
_c19 cm.
490 1 _aBiblioteca de El poble catalá
830 0 _aBiblioteca de El poble catalá
_9182120
852 _aES-MaACL
_jC-19741
_bR.47313
999 _c32794
_d32794